000 01015nam2a2200253 i 4500
001 RU\NLR\BIBL_A\010863746
005 20240728231618.0
010 _a9785716406278
_9500
021 _aRU
_b2015-73118
_94395
035 _a(NLR Aleph) 010863746
090 _a10434038
_c10434038
100 _a20151019d2015 k y0rusy50 ca
101 0 _arus
102 _aRU
105 _aa z 000yy
200 0 _aКн. 1
210 _d2015
215 _a301, [2] с.
_cил.
320 _aБиблиогр. в конце кн. (126 назв.)
461 0 _1001RU\NLR\BIBL_A\010910712
_12001#$aТретий вектор$e(гипотезы и факты)$fБутурлинцев В.Б.$vКн. 1
_1700#1$aБутурлинцев$bВ.Б.$gВладимир Борисович
_910628761
_aБутурлинцев, В.Б.
_cМосква
_d2015
_fБутурлинцев В.Б.
_n[б.и.]
_o(гипотезы и факты)
_tТретий вектор
_vКн. 1
942 _cBOOK
980 _aNBR